Microbial biomass

Tallennettuna:
Bibliografiset tiedot
Päätekijä: Rose, Anthony H (Tekijä)
Aineistotyyppi: Kirja
Kieli:englanti
Julkaistu: Londres Academic 1979
Sarja:Economic microbiology, 4
Aiheet:
Tagit: Lisää tagi
Ei tageja, Lisää ensimmäinen tagi!

MARC

LEADER 00000nam a2200000 a 4500
001 UCU7206
003 CL-VaPUC
008 960628e19790000UK |||||||||||||||||eng|d
082 0 4 |a 660.62  |b ROS  |2 21 
100 0 |a Rose, Anthony H  |e author  |9 365828 
245 1 0 |a Microbial biomass 
300 |a 459 p 
942 |c BK 
945 |d 19960628 00:00:00  |a paguirre 
260 |a Londres  |b Academic  |c 1979 
650 0 |a Tecnología química   |9 263002 
650 0 |a Microbiología   |9 259706 
650 0 |a Micología  |9 326258 
650 0 |a Hongos  |9 261629 
650 0 |a Bacterias  |9 298237 
583 |a last modification  |c 19960628 00:00:00  |k Rodrigo Vera 
490 0 |a Economic microbiology, 4 
999 |c 249889  |d 249887 
952 |0 0  |1 0  |4 0  |6 660_620000000000000_ROS_1979  |7 0  |8 A  |9 267447  |a BIBING  |b BIBING  |d 2019-11-19  |i 1695517  |o 660.62 ROS 1979  |p 1695517  |r 2025-01-20  |w 2019-11-19  |y BK  |k EIB